Hand gesture based wireless robotic ARM / (Record no. 615820)
[ view plain ]
| 000 -LEADER | |
|---|---|
| fixed length control field | 00597nam a22001697a 4500 |
| 003 - CONTROL NUMBER IDENTIFIER | |
| control field | NUST |
| 082 ## - DEWEY DECIMAL CLASSIFICATION NUMBER | |
| Classification number | 621.382,ALI |
| 100 ## - MAIN ENTRY--PERSONAL NAME | |
| Personal name | Ali, Ahsan |
| 9 (RLIN) | 16870 |
| 245 ## - TITLE STATEMENT | |
| Title | Hand gesture based wireless robotic ARM / |
| Statement of responsibility, etc. | Ahsan Ali, Altaf Wasif and Mirza Usman ul Haque (TE-49) |
| 260 ## - PUBLICATION, DISTRIBUTION, ETC. | |
| Place of publication, distribution, etc. | Rawalpindi |
| Name of publisher, distributor, etc. | MCS (NUST) |
| Date of publication, distribution, etc. | June 2016 |
| 300 ## - PHYSICAL DESCRIPTION | |
| Extent | vi,30 p.; |
| 505 ## - FORMATTED CONTENTS NOTE | |
| Formatted contents note | Introduction (Page-8), Background (Page-11), Design (Page-20), Future Work (Page-27), Bibliography (Page-28). |
| 650 ## - SUBJECT ADDED ENTRY--TOPICAL TERM | |
| Topical term or geographic name entry element | UG Project |
| 9 (RLIN) | 131132 |
| 651 ## - SUBJECT ADDED ENTRY--GEOGRAPHIC NAME | |
| Geographic name | TE-49 |
| 9 (RLIN) | 131595 |
| 700 ## - ADDED ENTRY--PERSONAL NAME | |
| Personal name | Supervised by Dr. Baber Aslam |
| 9 (RLIN) | 132769 |
| 942 ## - ADDED ENTRY ELEMENTS (KOHA) | |
| Source of classification or shelving scheme | |
| Koha item type | Project Report |
| Withdrawn status | Lost status | Source of classification or shelving scheme | Damaged status | Not for loan | Permanent Location | Current Location | Shelving location | Date acquired | Total Checkouts | Full call number | Barcode | Date last seen | Price effective from | Koha item type | Public note |
|---|---|---|---|---|---|---|---|---|---|---|---|---|---|---|---|
| Military College of Signals (MCS) | Military College of Signals (MCS) | Reference | 01/16/2026 | 621.382,ALI | MCSPTE-256 | 01/16/2026 | 01/16/2026 | Project Report | Almirah No.90, Shelf No.4 |
